| 000 | 00906nam a22002177a 4500 | ||
|---|---|---|---|
| 999 |
_c18730 _d18730 |
||
| 003 | AR-CdUCM | ||
| 008 | 190515b ||||| |||| 00| 0 spa d | ||
| 040 |
_aMUNICIPALIDAD PROVINCIAL DEL CUSCO _cBIBLIOTECA MUNICIPAL DEL CUSCO |
||
| 082 |
_a330.985 / _bB21 |
||
| 245 | _aEl Perú y la integración latinoamericana / | ||
| 260 |
_aLima : _bBanco Industrial del Perú. _c1969. |
||
| 300 |
_a345 paginas ; _c24 cm. |
||
| 505 | _aContenido :Integración desarrollo económico y seguridad internacional en américa latina --La integración económica y la soberanía nacional --El estado y la integración --La integración del transporte aéreo ... | ||
| 650 |
_aIntegración económica _927160 |
||
| 650 |
_aAmérica Latina _91130 |
||
| 650 |
_aPerú _935 |
||
| 700 |
_aPareja Paz Soldán, José _93671 |
||
| 710 |
_aBanco Industrial del Perú _99447 |
||
| 942 |
_2ddc _cLIBROS |
||
| 945 |
_arjall _d2019-05-15 |
||